Phytogeographic analysis of a vascular species sample from the Araracuara sandstone plateau, colombian Amazonia (Registro nro. 9290)

Detalles MARC
000 -CABECERA
Campo de control 005670000a22001690004500
090 ## - CLASIFICACIÓN LOCAL
Colección AR
Consecutivo 00190
041 0# - IDIOMA
Código de idioma para texto/pista de sonido o título separado
100 1# - ASIENTO PRINCIPAL--NOMBRE PERSONAL
Nombre personal Cleef, Antoine M.
245 10 - MENCION DE TITULO
Título Phytogeographic analysis of a vascular species sample from the Araracuara sandstone plateau, colombian Amazonia
650 14 - ASIENTO SECUNDARIO DE MATERIA - TERMINO TEMATICO
Término temático o nombre geográfico como elemento de entrada Tepuis
650 14 - ASIENTO SECUNDARIO DE MATERIA - TERMINO TEMATICO
Término temático o nombre geográfico como elemento de entrada Sabanas
650 14 - ASIENTO SECUNDARIO DE MATERIA - TERMINO TEMATICO
Término temático o nombre geográfico como elemento de entrada Distribución vegetal
651 #4 - ASIENTO SECUNDARIO DE MATERIA - NOMBRE GEOGRAFICO
-- Araracuara
-- Caquetá
-- Colombia
700 1# - ASIENTO SECUNDARIO - NOMBRE PERSONAL
Nombre personal Duivenvoorden, Joost Franciscus
773 1# - Item fuente:
Título Mem. Soc. Biogeogr.
Especificación de materiales 89
Paginas del Articulo 65-81
Lugar, editorial y fecha de publicación 1994
Información sobre la relación 4
942 ## - ELEMENTOS ADICIONALES (KOHA)
Tipo de ítem Artículo
Existencias
Withdrawn status Lost status Damaged status No para préstamo Colección Ubicación Permanente Ubicación actual Fecha de adquisición Datos de publicación Seriada Total Checkouts Número topográfico Inventario / Código de Barras Date last seen Ejemplar Price effective from Forma de adquisición Tipo de material
      No para Préstamo Hemeroteca Bogotá Bogotá 27/02/2015 Fuera de circulación   AR 00190 010429 25/03/2015 1 25/03/2015   Artículo